Shades and JB on Safari : (Record no. 7167)

MARC details
000 -LEADER
fixed length control field 01283nam a22002657a 4500
001 - CONTROL NUMBER
control field 7167
003 - CONTROL NUMBER IDENTIFIER
control field FISKH
005 - DATE AND TIME OF LATEST TRANSACTION
control field 20250701085746.0
008 - FIXED-LENGTH DATA ELEMENTS--GENERAL INFORMATION
fixed length control field 250701b cb ||||| |||| 00| 0 eng d
040 ## - CATALOGING SOURCE
Original cataloging agency FISKH
Language of cataloging eng
Transcribing agency FISKH
Modifying agency FISKH
050 ## - LIBRARY OF CONGRESS CALL NUMBER
Classification number PZ7
082 ## - DEWEY DECIMAL CLASSIFICATION NUMBER
Classification number 372.4
100 ## - MAIN ENTRY--PERSONAL NAME
Personal name Anonymous
245 ## - TITLE STATEMENT
Title Shades and JB on Safari :
Remainder of title Bring another level of play to your Vtech computer! /
260 ## - PUBLICATION, DISTRIBUTION, ETC.
Place of publication, distribution, etc. Kowloon :
Name of publisher, distributor, etc. Vtech,
Date of publication, distribution, etc. 2002.
300 ## - PHYSICAL DESCRIPTION
Extent 32 pages :
Other physical details color illustrations ;
Dimensions 27 cm
490 ## - SERIES STATEMENT
Series statement Work book :
Volume/sequential designation 01
505 ## - FORMATTED CONTENTS NOTE
Formatted contents note E<br/>
520 ## - SUMMARY, ETC.
Summary, etc. In this activity-packed workbook, children join two friendly characters—Shades, a curious chameleon, and JB, the jittery bug—on an exciting safari adventure. Along the way, they explore the world of animals, shapes, colors, numbers, and letters through engaging exercises such as tracing, matching, counting, coloring, and solving puzzles. Designed to complement VTech’s early learning systems, this workbook strengthens early literacy and numeracy skills while promoting curiosity about nature and wildlife.
521 8# - TARGET AUDIENCE NOTE
Target audience note 160<br/>
Source Lexile estimate<br/>
521 8# - TARGET AUDIENCE NOTE
Target audience note E<br/>
Source Raz-Plus<br/>
650 ## - SUBJECT ADDED ENTRY--TOPICAL TERM
Topical term or geographic name entry element Safari animals
Form subdivision Phonics and reading
General subdivision Counting and numbers
Chronological subdivision Activity book
942 ## - ADDED ENTRY ELEMENTS (KOHA)
Source of classification or shelving scheme Dewey Decimal Classification
Koha item type Books
Suppress in OPAC No
Holdings
Withdrawn status Lost status Source of classification or shelving scheme Damaged status Not for loan Collection Home library Current library Shelving location Date acquired Total Checkouts Full call number Barcode Date last seen Copy number Price effective from Koha item type
    Dewey Decimal Classification     Juvenile Fiction Footprints International School Library Network Toul Kork Campus Footprints International School Library Network Toul Kork Campus TK Primary Library Room(4th Floor), Bookcase 7, Shelves 57-60, Dark Green Books 07/01/2025   ANO 372.4 PZ7 2025-1709 07/01/2025 1 07/01/2025 Books
    Dewey Decimal Classification     Juvenile Fiction Footprints International School Library Network Toul Tom Poung Campus Footprints International School Library Network Toul Tom Poung Campus TTP Primary Green Bookshelves 10/30/2025   ANO 372.4 PZ7 2025-4761 10/30/2025 2 10/30/2025 Books